000 01373 a2200241 4500
003 Nust
005 20170207154030.0
010 _a 2002191050
020 _a0470852852 (alk. paper)
040 _cNust
082 0 0 _a005.82
100 1 _aRhee, Man Young.
245 1 0 _aInternet security :cryptographic principles, algorithms, and protocols - (E-BOOK)
_cMan Young Rhee.
260 _aChichester, West Sussex, England ;
_aHoboken, NJ :
_bJ. Wiley,
_c2003.
300 _axvii, 405 p. :
_bill. ;
_c26 cm.
505 _aInternetworking and Layered Models (Page-1) TCP/IP Suite and Internet Stack Protocols (Page-15) Symmetric Block Ciphers (Page-57) Hash Function, Message Digest and Message Authentication Code (Page-123) Asymmetric Public-key Cryptosystems (Page-161) Public-key Infrastructure (Page-201) Network Layer Security (Page-243) Transport Layer Security: SSLv3 and TLSv1 (Page-277) Electronic Mail Security: PGP, S/MIME (Page-305) Internet Firewalls for Trusted Systems (Page-339) SET for E-commerce Transactions (Page-355)
650 0 _aData encryption (Computer science)
650 0 _aInternet
_xSecurity measures.
650 0 _aPublic key cryptography.
651 _aE-BOOK
856 4 2 _3Publisher description
_uhttp://www.loc.gov/catdir/description/wiley039/2002191050.html
856 4 2 _3Table of contents
_uhttp://www.loc.gov/catdir/toc/wiley031/2002191050.html
942 _2ddc
_cBK
999 _c192105
_d192105